| 000 | 01238cam a22001814a 4500 | ||
|---|---|---|---|
| 005 | 20250605164349.0 | ||
| 008 | 250528s ||||||||||||||||||||||||d | ||
| 035 | _a24063 | ||
| 040 |
_aGR-AtMCL _bgre _dGR-AtMCL _eAACR2 |
||
| 245 | 1 | _aΈρευνα Ε.Β.Ε.Α.: Ανεπαρκή τα Μέτρα Στήριξης των Επιχειρήσεων για την Πανδημία | |
| 260 |
_bΕμπορικό Και Βιομηχανικό Επιμελητήριο Αθηνών, _c2020 |
||
| 300 | _a64 | ||
| 520 | _aΈρευνα ΄Έ.Β.Ε.Α.: Ανεπαρκή τα Μέτρα Στήριξης των Επιχειρήσεων για την Πανδημία, Ενημερωτική Τηλεδιάσκεψη με Θέμα 'Ρύθμιση Οφειλών και Παροχή Δεύτερης Ευκαιρίας', Να Εισακουστεί η Αγορά για τα 50 δις, Τα Μέτρα Στήριξης Εργαζομένων και Εργοδοτών, Ισχυρή η Γυναικεία Επιχειρηματικότητα στην Ελλάδα, Τα Ηλεκτρικά Λεωφορεία στην Αθήνα. | ||
| 700 | 1 |
_aΜίχαλος Κωνσταντίνος _94319 |
|
| 942 | _cCR | ||
| 999 |
_c8963 _d8963 |
||